000 00573nam a2200181 i 4500
001 84615
003 ES-MaACL
005 20230906175040.0
007 t|
008 041123s1943 sp ||||1| spa d
100 1 _aJelusich, Mirko.
_966285
245 1 0 _aJulio César
_b: biografía novelada /
_cMirko Jelusich ; traducción del alemán por A. Herrero Miguel.
250 _a2ª ed.
260 _aBarcelona :
_bLuis Miracle,
_c[1943] (
_fA. Rovira)
300 _a461 p., 30 lám. ;
_c23 cm.
700 1 _aHerrero Miguel, A.
_963328
852 _aES-MaACL
_jF-15949
_bR.20756
999 _c84615
_d84615